• 首页
  • 本馆介绍
  • 公告通知
  • 最新文献
  • 馆藏检索
  • 电子资源
  • 读者导购
  • 参考咨询
  • 我的图书馆
  • 登录
  • 详细信息显示
  • 放入我的书架
  • 预约/预借图书
  • 作者相关作品
  • 分类相关作品
  • 丛书相关作品
  • 出版社相关作品

书目信息

  • 表格格式
  • 工作单格式
  • 卡片格式
题名:
历代短篇小说选
    
 
作者: ;河北文艺编辑部 编
分册:  
出版信息: 石家庄   河北文艺编辑部  不详
页数: 404页
开本: 32开
丛书名:
单 册:
中图分类: I242.1
科图分类:
主题词: 小说--中国
电子资源:
ISBN:
000 00545nam0 2200193 45
001 0211041456
005 20071115152131.29
010    @dCNY
100    @a20021104d不详 km y0chiy0120 ea
101 0  @achi
105    @a z 000ay
200 1  @a历代短篇小说选@ALi Dai Duan Pian Xiao Shuo Xuan@f河北文艺编辑部编@FHe Bei Wen Yi Bian Ji Bu Bian
210    @a石家庄@c河北文艺编辑部@d不详
215    @a404页@d32开
606 0  @a小说@x中国
690    @aI242.1@v3
711 02 @a河北文艺编辑部@4编
801    @aCN@bTSTC@c20071115
905    @f1@b947@dI242.1@e1
    
    历代短篇小说选/河北文艺编辑部编.-石家庄:河北文艺编辑部,不详
    404页;32开
    
    
    ISBN :CNY
    
●
相关链接 在E读中查询图书 在五车中查询图书 在当当中查询图书 在豆瓣中查询图书


正题名:历代短篇小说选     索取号:I242.1/1         预约/预借

序号 登录号 条形码 馆藏地/架位号 状态 备注
1 0000947   001614792   第二借阅区/ [索取号:I242.1/1] 在馆    
2 0469893   204698933   密集书库/ [索取号:I242.1/1] 在馆    
3 0474358   204743581   密集书库/ [索取号:I242.1/1] 在馆    
唐山师范学院图书馆 欢迎您!
大连网信软件有限公司© 版权所有